| 000 | 04915cam a22008174i 4500 | ||
|---|---|---|---|
| 001 | u19606 | ||
| 003 | PE-LiUPU | ||
| 005 | 20250731180106.0 | ||
| 008 | 150617s mx a rb 001 0 spa d | ||
| 020 | _a9681814894 | ||
| 035 | _a(Sirsi) i9789681814892 | ||
| 040 |
_aPE-LiUPU _bspa _cPE-LiUPU _erda |
||
| 049 | _aPRUA | ||
| 082 | 0 | 4 |
_a596.433 _bH53 _221 |
| 100 | 1 |
_aHildebrand, Milton, _d1918- , _eautor. |
|
| 245 | 1 | 0 |
_aAnatomía y embriología de los vertebrados / _cMilton Hildebrand ; ilustraciones de Viola y Milton Hildebrand ; versión española María del Pilar Alberdi Prieto, Cecilia de la Torre Leslie, Manuel Rico Bernal ; revisión Abraham Kobelkowsky D. |
| 264 | 1 |
_aMéxico : _bEditorial Limusa, _c1991. |
|
| 300 |
_a844 páginas ; _c25 centímetros |
||
| 336 |
_atext _2rdacontent |
||
| 337 |
_aunmediated _2rdamedia |
||
| 338 |
_avolume _2rdacarrier |
||
| 504 | _aIncluye bibliografía. | ||
| 505 | 0 | _aNaturaleza de la morfología de los vertebrados -- Naturaleza, origen y clasificación de los vertebrados -- Peces -- Tetrápodos -- Desarrollo temprano del tegumento -- Dientes -- Huesos de la cabeza -- Esqueleto del cuerpo -- Músculos y órganos eléctricos -- Sistema respiratorio y vejiga aérea -- Sistema circulatorio -- Sistema urogenital -- Sistema nervioso: general, médula espinal y nervios periféricos -- Sistema nervioso: cerebro -- Organos de los sentidos -- Glándulas endocrinas -- Elementos estructurales del cuerpo -- Mecanismos de soporte y movimiento -- Carrera y salto -- Excavación y locomoción sin apéndices -- Trepar -- Nado y buceo -- Vuelo y planeo -- Alimentación -- Morfología de los vertebrados: unidad, diversidad y colorario. | |
| 526 | _aSEG44 | ||
| 526 | _aSEG26 | ||
| 526 | _aP159 | ||
| 526 | _aP155 | ||
| 526 | _aP154 | ||
| 526 | _aP153 | ||
| 526 | _aP150 | ||
| 526 | _aP100 | ||
| 526 | _aP31 | ||
| 526 | _aP30 | ||
| 526 | _aP26 | ||
| 526 | _aP25 | ||
| 526 | _aP24 | ||
| 526 | _aP22 | ||
| 526 | _aP15 | ||
| 526 | _aP10 | ||
| 596 | _a1 2 3 | ||
| 650 | 1 | 4 |
_aVertebrados _xAnatomía. |
| 650 | 2 | 4 | _aMorfología (Animales). |
| 700 | 1 |
_aAlberdi Prieto, María del Pilar, _etraductor. |
|
| 700 | 1 |
_aHildebrand, Viola, _eil. |
|
| 700 | 1 |
_aKobelkowsky D., Abraham, _erev. |
|
| 700 | 1 | _aRico Bernal, Manuel | |
| 700 | 1 |
_aTorre Leslie, Cecilia de la, _etraductor. |
|
| 910 |
_ajck _bjvq _cjck _d20150616 |
||
| 942 |
_2ddc _cBOOK |
||
| 994 |
_aC0 _bPEPRU |
||
| 949 |
_a596.433 H53 1991 _wDEWEY _c1 _iFJ06060 _lCCODEBUJ1 _mBUJ _p25.00 _r0 _sY _tBOOK _u2017-1-26 _xEDUCACION _PP20 _0COMPRA _o.STAFF. Colección General Juliaca |
||
| 949 |
_a596.433 H53 1991 _wDEWEY _c2 _iFJ06062 _lCCODEBUJ1 _mBUJ _p25.00 _r0 _sY _tBOOK _u2017-1-26 _xEDUCACION _PP20 _0COMPRA _o.STAFF. Colección General Juliaca |
||
| 949 |
_a596.433 H53 _wDEWEY _c1 _i34952 _f2018-2-8 _g2 _lCCODEBUL1 _mBUL _r0 _sY _tBOOK _u2015-6-17 _xEDUCACION _zUNKNOWN _0COMPRA _o.STAFF. Colección General |
||
| 949 |
_a596.433 H53 _wDEWEY _c1 _iFT00212 _lCCODEBUT1 _mBUT _p15.30 _r0 _sY _tBOOK _u2016-4-7 _xINGENIERIA _PP24 _0COMPRA _o.STAFF. Colección General |
||
| 949 |
_a596.433 H53 _wDEWEY _c2 _i32794 _f2018-2-8 _g2 _lCCODEBUL1 _mBUL _r0 _sY _tBOOK _u2015-6-17 _xEDUCACION _zUNKNOWN _0COMPRA _o.STAFF. Colección General |
||
| 949 |
_a596.433 H53 _wDEWEY _c3 _i32795 _f2018-2-8 _g2 _lCCODEBUL1 _mBUL _r0 _sY _tBOOK _u2015-6-17 _xEDUCACION _zUNKNOWN _0COMPRA _o.STAFF. Colección General |
||
| 949 |
_a596.433 H53 _wDEWEY _c4 _i34951 _f2018-2-8 _g2 _lCCODEBUL1 _mBUL _r0 _sY _tBOOK _u2016-9-19 _xEDUCACION _PP20 _0COMPRA _o.STAFF. Colección Educación |
||
| 999 |
_a596.433 H53 _wDEWEY _c19427 _i34952 _f2021-11-5 _g5 _lCCODEBUL1 _mBUL _r0 _sN _tBOOK _u2015-6-17 _xBIBLIOTECA _zUNKNOWN _0COMPRA _o.STAFF. Colección General _d19427 |
||
| 999 |
_a596.433 H53 _wDEWEY _c2 _i32794 _f2019-12-11 _g4 _lCCODEBUL1 _mBUL _r0 _sN _tBOOK _u2015-6-17 _xEDUCACION _zUNKNOWN _0COMPRA _o.STAFF. Colección General |
||
| 999 |
_a596.433 H53 _wDEWEY _c3 _i32795 _f2019-12-11 _g4 _lCCODEBUL1 _mBUL _r0 _sN _tBOOK _u2015-6-17 _xEDUCACION _zUNKNOWN _0COMPRA _o.STAFF. Colección General |
||
| 999 |
_a596.433 H53 _wDEWEY _c4 _i34951 _f2021-11-5 _g5 _lCCODEBUL1 _mBUL _r0 _sN _tBOOK _u2016-9-19 _xBIBLIOTECA _PP20 _0COMPRA _o.STAFF. Colección Educación |
||
| 999 |
_a596.433 H53 _wDEWEY _c1 _iFT00212 _f2019-2-20 _g1 _lCCODEBUT1 _mBUT _p15.30 _r0 _sY _tBOOK _u2016-4-7 _xINGENIERIA _PP24 _0COMPRA _o.STAFF. Colección General |
||
| 999 |
_a596.433 H53 1991 _wDEWEY _c1 _iFJ06060 _f2022-1-25 _g4 _lCCODEBUJ1 _mBUJ _p25.00 _r0 _sY _tBOOK _u2017-1-26 _xEDUCACION _PP20 _0COMPRA _o.STAFF. Colección General Juliaca |
||
| 999 |
_a596.433 H53 1991 _wDEWEY _c2 _iFJ06062 _d2018-8-10 _f2022-1-25 _g3 _lCCODEBUJ1 _mBUJ _p25.00 _q1 _r0 _sY _tBOOK _u2017-1-26 _xEDUCACION _PP20 _0COMPRA _o.STAFF. Colección General Juliaca |
||
| 980 |
_81 _gALBERTO SANCHEZ Responsable de Automatización |
||